PR-SOF-1961-Device for Testing Spericity Compliance of Footballs (Record no. 579090)
[ view plain ]
| 000 -LEADER | |
|---|---|
| fixed length control field | 00395nam a22001217a 4500 |
| 082 ## - DEWEY DECIMAL CLASSIFICATION NUMBER | |
| Classification number | 220PRO |
| 100 ## - MAIN ENTRY--PERSONAL NAME | |
| Personal name | Tanzeel Ur Rehman |
| 9 (RLIN) | 73301 |
| 245 ## - TITLE STATEMENT | |
| Title | PR-SOF-1961-Device for Testing Spericity Compliance of Footballs |
| 260 ## - PUBLICATION, DISTRIBUTION, ETC. | |
| Place of publication, distribution, etc. | ISLAMABAD |
| Name of publisher, distributor, etc. | NUST COLLEGE OF EME |
| Date of publication, distribution, etc. | 2020 |
| 650 ## - SUBJECT ADDED ENTRY--TOPICAL TERM | |
| Topical term or geographic name entry element | DE-MTS-38 |
| 9 (RLIN) | 73302 |
| 700 ## - ADDED ENTRY--PERSONAL NAME | |
| Personal name | Project Supervisor's Dr. Waqar Shahid Qureshi. Dr. Hamid Jabbar |
| 9 (RLIN) | 73303 |
| 942 ## - ADDED ENTRY ELEMENTS (KOHA) | |
| Koha item type | Computer Files |
| Withdrawn status | Lost status | Damaged status | Not for loan | Permanent Location | Current Location | Shelving location | Date acquired | Total Checkouts | Full call number | Barcode | Date last seen | Price effective from | Koha item type |
|---|---|---|---|---|---|---|---|---|---|---|---|---|---|
| College of Electrical & Mechanical Engineering (CEME) | College of Electrical & Mechanical Engineering (CEME) | Reference | 04/13/2021 | 220PRO | PR-SOF-1961 | 06/28/2021 | 06/28/2021 | Computer Files |
